[Event "Stay Safe Play From Home 380"]
[Site "Emanuel Lasker Arena"]
[Date "2020.08.13"]
[Round "1"]
[White "NTBT_DHS"]
[Black "Hickey"]
[Result "1-0"]
[WhiteElo "2527"]
[BlackElo "2116"]
[Annotator "TA"]
[PlyCount "109"]
[EventDate "2020.08.13"]
[EventType "swiss (blitz)"]

{[%evp 16,108,29,26,48,50,37,35,37,41,324,56,68,0,9,-18,-26,-22,47,39,86,79,114,103,284,77,70,0,0,0,338,332,337,331,393,247,230,227,221,150,157,152,139,130,128,128,126,116,120,113,122,90,137,114,125,114,117,44,79,79,263,306,374,373,485,382,538,519,621,380,736,513,643,642,663,646,649,562,515,0,639,585,828,713,2235,1933,1514,1118,29993,29994,29994,29995,29996,29997,29999]} 1. e4 c6 2. Nf3 d5 3. exd5 cxd5 4. d4 Nf6 5. Bd3 g6 6. O-O Bg7 7. Re1 O-O 8. h3 Nc6 9. c3 b6 {B13: Caro-Kann: Exchange Variation and Panov-Botvinnik Attack.} 10. Bf4 Bb7 11. Nbd2 Nh5 {White is slightly better.} 12. Bh2 {[#]} f6 $146 {[%mdl 8192]} (12... Rc8 $14) ({Predecessor:} 12... Bh6 13. Nf1 Bf4 14. Ne3 Bxh2+ 15. Kxh2 Qd6+ 16. Kg1 Nf4 17. Bc2 f6 18. h4 Rae8 {½-½ (49) Bohak,J (2273)-Vohl,G (1895) ICCF email 2007}) 13. Qb3 $2 (13. g4 $18) 13... e5 14. dxe5 (14. Bf1 $14) 14... fxe5 $11 15. Nxe5 Nxe5 16. Bxe5 Bxe5 (16... Qh4 $11 17. Bxg7 Qxf2+ 18. Kh1 Kxg7 19. Re7+ {[%mdl 64] Double Attack} Kh6 20. Rxb7 Qxd2) 17. Rxe5 $14 Qf6 18. Nf3 $36 {[%mdl 2048] White is on the roll.} Kh8 19. Rae1 {Black must now prevent Re7.} Rad8 $2 (19... Nf4 $16 {keeps fighting.} 20. Be2 Bc8) 20. Bf1 $2 (20. Re6 $18 Qf4 21. Re7) 20... Nf4 $16 21. R1e3 (21. Qc2 $1 $14) 21... d4 $11 22. cxd4 Bxf3 $2 {[%mdl 8192]} (22... Nxh3+ $1 $11 {and Black is okay.} 23. gxh3 Bxf3) 23. Rxf3 $18 Rxd4 24. Ree3 Qg7 25. Qc3 {[#] Strongly threatening Re7!} Rdd8 26. Qxg7+ Kxg7 27. g3 Nd5 28. Rxf8 Rxf8 $16 {[%mdl 4096] Endgame KRB-KRN} 29. Rd3 Nf6 30. Rc3 Rf7 31. Bg2 Re7 32. Kf1 h5 33. f4 Kh6 34. Bf3 Ne4 35. Bxe4 $1 Rxe4 {KR-KR} 36. Rc7 ({White should try} 36. h4 $16) 36... Re3 37. Kf2 {White now steadily converts the win.} Re6 $2 (37... Rd3 $16) 38. Rxa7 $18 Rf6 39. Kf3 g5 40. Re7 gxf4 (40... Rd6 $142 41. Ke4 gxf4 42. gxf4 b5) 41. gxf4 Rc6 42. Re2 Rg6 $2 (42... b5 43. h4 Rd6) 43. a3 Rf6 44. Re5 Kg6 45. Ke4 Kh6 46. Rg5 Rc6 47. Re5 $2 ({Better is} 47. Rb5 $18) 47... Rc2 $2 {[%mdl 8192]} (47... Rf6 $11 48. f5 Kg7) 48. Rb5 Re2+ 49. Kf5 Rh2 50. Rxb6+ Kg7 {[#]} 51. h4 $1 Rxb2 (51... Rxh4 52. a4) 52. Rxb2 {White mates.} Kf7 53. Rb7+ Kf8 54. Ke6 Ke8 55. Rb8# {Accuracy: White = 43%, Black = 37%.} 1-0

[Event "Stay Safe Play From Home 380"]
[Site "Emanuel Lasker Arena"]
[Date "2020.08.13"]
[Round "1"]
[White "AChessPlayer"]
[Black "TheCHESSHOUSE"]
[Result "1-0"]
[WhiteElo "2494"]
[BlackElo "2004"]
[Annotator "TA"]
[PlyCount "87"]
[EventDate "2020.08.13"]
[EventType "swiss (blitz)"]

{[%evp 11,87,34,75,15,10,-68,-22,-53,-58,-83,37,0,0,0,0,0,0,5,18,22,18,28,36,35,68,48,88,26,78,63,79,57,86,37,58,39,72,69,384,36,49,-20,22,0,10,-79,58,60,72,63,67,80,74,77,76,63,116,102,116,103,122,114,130,130,119,107,132,105,114,6,12,14,143,145,221,120,141,141]} 1. Nf3 e6 2. g3 Nf6 3. Bg2 d5 4. O-O c5 5. d4 Nc6 6. c4 Bd7 {[#]} 7. Na3 $146 {E01: Catalan: Early deviations.} (7. cxd5 $16 exd5 8. Nc3) ({Predecessor:} 7. cxd5 Nxd5 8. e4 Nf6 9. d5 Nb4 10. a3 Qa5 11. Nc3 c4 12. Ne5 Qa6 13. Bg5 Nd3 14. Nxd3 cxd3 15. Bxf6 gxf6 {1-0 (36) Korley,K (2420)-Falcao,W (2169) New York 2018}) 7... cxd4 8. Nb5 (8. cxd5 $11 Nxd5 9. Nxd4) 8... Bc5 (8... dxc4 $5 {[%cal Re6e5]} 9. Nbxd4 Qb6 $15) 9. Bf4 {The position is equal.} O-O 10. Rc1 {And now cxd5 would win.} Rc8 (10... dxc4 $17 {Hoping for ...e5!} 11. Rxc4 Qe7 12. Nbxd4 Nxd4 13. Nxd4 e5) 11. Nd6 (11. cxd5 {looks sharper.} Ne7 12. Bc7 Rxc7 13. Nxc7 Bb6 14. dxe6 fxe6 15. Qc2) 11... Bxd6 $1 12. Bxd6 Re8 13. cxd5 Nxd5 14. Nxd4 Nxd4 15. Qxd4 {[%mdl 64] [#] Double Attack} Bc6 16. Ba3 $36 {[%mdl 2048] White has some pressure.} a6 17. Rfd1 Qf6 18. Qd2 Rcd8 19. Qe1 (19. Qa5 $16 {Threatens to win with e4.} Rc8 20. e4) 19... Bb5 (19... e5 $11) 20. e4 $16 Nb6 $1 21. e5 Qg5 22. Bc5 Nd5 23. Be4 h6 24. h4 Qg4 $2 {[%mdl 8192] [#]} (24... Qh5 $1 $14) 25. Rd4 $2 (25. f3 $1 $18 {[%cal Rf3g4]} Qh3 26. Rd2) 25... Qh5 $14 26. Rcd1 (26. f3 $14 Kh8 27. Bd6) 26... Bc6 27. b4 Rc8 28. a3 (28. Rc1 $11 {remains equal.}) 28... Ne7 (28... b6 $17 29. Bd6 (29. Bxd5 Bxd5 30. Bxb6 Qf3 $17) 29... Nc3 30. Bxc6 Rxc6) 29. Bxe7 $1 Rxe7 30. Rd8+ Re8 31. Rxe8+ Rxe8 32. Bxc6 bxc6 {[%mdl 4096] Endgame KQR-KQR} 33. Rd6 Rc8 ({Black should play} 33... Qf3 $14) 34. Qe3 $16 Qg6 35. Kg2 Qc2 36. Qf3 g6 37. Rd7 Qf5 38. Qxf5 gxf5 {KR-KR} 39. Ra7 c5 40. bxc5 ({White has to play} 40. Rxa6 $16 {b5 is the strong threat.} cxb4 41. axb4) 40... Rxc5 $11 41. Rxa6 Rc2 (41... Rxe5 $11 {keeps the balance.} 42. Ra8+ Kg7) 42. a4 Ra2 (42... Kg7 $16 {keeps fighting.} 43. h5 Re2) 43. a5 (43. h5 $18) 43... Kg7 44. Ra7 {Accuracy: White = 52%, Black = 45%.} 1-0

[Event "Stay Safe Play From Home 380"]
[Site "Emanuel Lasker Arena"]
[Date "2020.08.13"]
[Round "1"]
[White "Mepe_Nika"]
[Black "Yuriko"]
[Result "1-0"]
[WhiteElo "2295"]
[BlackElo "2047"]
[Annotator "TA"]
[PlyCount "77"]
[EventDate "2020.08.13"]
[EventType "swiss (blitz)"]

{[%evp 16,77,20,15,40,-2,83,17,145,143,497,152,655,286,269,203,258,223,333,154,142,131,138,145,147,107,133,-37,93,59,57,66,62,60,54,53,58,54,51,0,318,316,337,340,566,563,914,697,758,702,1192,1145,960,-477,-469,-476,-476,-447,-347,-364,-252,-389,-248,-246]} 1. d4 d5 2. Bf4 c6 3. e3 Nf6 4. c4 Nbd7 5. Nc3 e6 6. Nf3 Be7 7. Qc2 O-O 8. h3 a6 9. Rd1 h6 {D37: Queen's Gambit Declined: 5 Bf4.} 10. Bd3 {[#]} Qa5 $146 (10... dxc4 $11 {keeps the balance.} 11. Bxc4 b5) ({Predecessor:} 10... dxc4 11. Bxc4 Nd5 12. Bg3 b5 13. Be2 Bb7 14. O-O Rc8 15. Qb1 Qa5 16. Ne4 Rcd8 17. Nd6 {1-0 (79) Vrana,L (2120)-Cacko,J (2278) Slovakia 2005}) 11. O-O ({Better is} 11. c5 $16) 11... Rd8 (11... dxc4 $11 12. Bxc4 b5) 12. c5 $16 Nf8 $2 {[%mdl 8192] [#]} (12... Re8 $16 {is tougher.}) 13. a3 $2 (13. b4 $1 $18 {[%mdl 512]} Qxb4 14. Bc7) 13... Rd7 $2 (13... Re8 $16 14. Na4 N8d7) 14. b4 (14. Na4 $142) 14... Qd8 $18 15. a4 b6 16. Rb1 a5 (16... bxc5 $142 17. bxc5 Rda7) 17. cxb6 (17. Ne5 $18 {and White stays clearly on top.}) 17... Qxb6 $16 18. b5 {And now bxc6 would win.} c5 19. dxc5 Bxc5 20. Rfc1 Bb7 21. Qb2 $2 (21. Ne2 $16 Rc8 22. Ne5) 21... Rc8 (21... d4 $1 $15 22. exd4 Bxd4) 22. Ne5 Rdd8 23. Ne2 N6d7 $1 24. Nd4 $36 {[%mdl 2048] White has good play.} Nxe5 25. Bxe5 f6 26. Bg3 e5 27. Nf5 (27. Nb3 $1 $14) 27... d4 $2 {[%mdl 8192]} (27... h5 $11 {and Black is okay.}) 28. exd4 $18 exd4 29. Qe2 Bd5 $2 {[#]} (29... Rd7 {was necessary.} 30. Rb2 Ba3 31. Rxc8 Bxc8) 30. Qg4 $1 {[%csl Gf5,LRg7,LRh6][%cal Rg4g7][%mdl 512]} Qa7 31. Nxh6+ Kh8 32. Nf5 Ba3 33. Qh5+ Kg8 34. Nh4 $4 {[%mdl 8192]} (34. Rxc8 $18 {and all is fine.} Rxc8 35. Bd6 Bxd6 36. Nxd6 {[%mdl 64] Discovered Attack}) 34... Rxc1+ $19 ({Not} 34... Bxc1 35. Ng6 $19) 35. Rxc1 Bxc1 36. Nf5 Bg5 {Strongly threatening ...g6.} 37. h4 Bd2 {[#] Hoping for ...Bb4.} 38. Qg4 (38. b6 $142 $1 {[%mdl 512]} Qf7 (38... Qxb6 39. Ne7#) 39. Qxf7+ Kxf7 40. Bc7) 38... Qf7 39. b6 {[%mdl 32768] Accuracy: White = 36%, Black = 31%. . Loss on time!?} 1-0

[Event "Stay Safe Play From Home 380"]
[Site "Emanuel Lasker Arena"]
[Date "2020.08.13"]
[Round "1"]
[White "Lamborghini"]
[Black "Ao017545"]
[Result "1-0"]
[WhiteElo "2282"]
[BlackElo "1626"]
[Annotator "NA"]
[PlyCount "59"]
[EventDate "2020.08.13"]
[EventType "swiss (blitz)"]

1. e4 {[%emt 0:00:01]} e5 {[%emt 0:00:00]} 2. Nf3 {[%emt 0:00:01]} Nf6 {[%emt 0:00:00]} 3. d4 {[%emt 0:00:01]} Bc5 {[%emt 0:00:00]} 4. dxc5 {[%emt 0:00:01]} Nc6 {[%emt 0:00:01]} 5. Nc3 {[%emt 0:00:01]} O-O {[%emt 0:00:01]} 6. Bg5 {[%emt 0:00:01]} d6 {[%emt 0:00:00]} 7. cxd6 {[%emt 0:00:02]} cxd6 {[%emt 0:00:02]} 8. h3 {[%emt 0:00:01]} h6 {[%emt 0:00:01]} 9. Bxf6 {[%emt 0:00:01]} Qxf6 {[%emt 0:00:00]} 10. Nd5 {[%emt 0:00:00]} Qd8 {[%emt 0:00:02]} 11. c3 {[%emt 0:00:01]} f5 {[%emt 0:00:00]} 12. Bd3 {[%emt 0:00:02]} fxe4 {[%emt 0:00:04]} 13. Bxe4 {[%emt 0:00:01]} Be6 {[%emt 0:00:05]} 14. O-O {[%emt 0:00:02]} Rc8 {[%emt 0:00:06]} 15. Qd3 {[%emt 0:00:02]} a6 {[%emt 0:00:11]} 16. Rad1 {[%emt 0:00:01]} Na7 {[%emt 0:00:00]} 17. Kh2 {[%emt 0:00:04]} Nb5 {[%emt 0:00:00]} 18. a4 {[%emt 0:00:02]} Na7 {[%emt 0:00:00]} 19. c4 {[%emt 0:00:02]} Nc6 {[%emt 0:00:01]} 20. b3 {[%emt 0:00:02]} Na5 {[%emt 0:00:01]} 21. Ne3 {[%emt 0:00:03]} Nc6 {[%emt 0:00:00]} 22. Bd5 {[%emt 0:00:01]} Bxd5 {[%emt 0:00:06]} 23. Qxd5+ {[%emt 0:00:00]} Kh8 {[%emt 0:00:01]} 24. Qe4 {[%emt 0:00:01]} Nb4 {[%emt 0:00:00]} 25. Nd5 {[%emt 0:00:01]} Nc6 {[%emt 0:00:05]} 26. Qg4 {[%emt 0:00:01]} Ne7 {[%emt 0:00:01]} 27. Nh4 {[%emt 0:00:01]} g5 {[%emt 0:00:03]} 28. Nxe7 {[%emt 0:00:02]} Qxe7 {[%emt 0:00:01]} 29. Ng6+ {[%emt 0:00:01]} Kg8 {[%emt 0:00:02]} 30. Nxe7+ {[%emt 0:00:00] Ao017545 terk eder Ao017545 terk eder Ao017545 terk eder (Lag: Av=0.67s, max=1.6s) (Lag: Av=0.67s, max=1.6s) (Lag: Av=0.67s, max=1.6s)} 1-0

[Event "Stay Safe Play From Home 380"]
[Site "Emanuel Lasker Arena"]
[Date "2020.08.13"]
[Round "1"]
[White "Fischer_11"]
[Black "Lazieri3"]
[Result "1/2-1/2"]
[WhiteElo "2034"]
[BlackElo "2139"]
[Annotator "NA"]
[PlyCount "135"]
[EventDate "2020.08.13"]
[EventType "swiss (blitz)"]

1. e4 {[%emt 0:00:03]} c6 {[%emt 0:00:01]} 2. d4 {[%emt 0:00:01]} d5 {[%emt 0:00:01]} 3. exd5 {[%emt 0:00:00]} cxd5 {[%emt 0:00:00]} 4. c4 {[%emt 0:00:00]} Nc6 {[%emt 0:00:00]} 5. cxd5 {[%emt 0:00:00]} Qxd5 {[%emt 0:00:01]} 6. Nf3 {[%emt 0:00:00]} Bf5 {[%emt 0:00:02]} 7. Nc3 {[%emt 0:00:00]} Qd7 {[%emt 0:00:02]} 8. d5 {[%emt 0:00:00]} Nb8 {[%emt 0:00:02]} 9. Bb5 {[%emt 0:00:01]} Nc6 {[%emt 0:00:00]} 10. dxc6 {[%emt 0:00:01]} bxc6 {[%emt 0:00:01]} 11. Qxd7+ {[%emt 0:00:02]} Bxd7 {[%emt 0:00:01]} 12. Bc4 {[%emt 0:00:01]} e6 {[%emt 0:00:01]} 13. Ne5 {[%emt 0:00:02]} Nf6 {[%emt 0:00:02]} 14. Bg5 {[%emt 0:00:02]} Be7 {[%emt 0:00:01]} 15. O-O-O {[%emt 0:00:02]} Bc8 {[%emt 0:00:05]} 16. Nxc6 {[%emt 0:00:02]} Bb7 {[%emt 0:00:01]} 17. Nxe7 {[%emt 0:00:01]} Kxe7 {[%emt 0:00:00]} 18. f3 {[%emt 0:00:04]} h6 {[%emt 0:00:01]} 19. Bxf6+ {[%emt 0:00:02]} Kxf6 {[%emt 0:00:00]} 20. Bd3 {[%emt 0:00:00]} Rhc8 {[%emt 0:00:02]} 21. Be4 {[%emt 0:00:01]} Rab8 {[%emt 0:00:02]} 22. Bxb7 {[%emt 0:00:01]} Rxb7 {[%emt 0:00:00]} 23. Kc2 {[%emt 0:00:00]} a5 {[%emt 0:00:01]} 24. Rd4 {[%emt 0:00:01]} Rbc7 {[%emt 0:00:01]} 25. Rhd1 {[%emt 0:00:01]} Rc5 {[%emt 0:00:01]} 26. Rd8 {[%emt 0:00:01]} R8c7 {[%emt 0:00:01]} 27. R1d7 {[%emt 0:00:00]} R7c6 {[%emt 0:00:02]} 28. b3 {[%emt 0:00:01]} Rc7 {[%emt 0:00:02]} 29. Rxc7 {[%emt 0:00:01]} Rxc7 {[%emt 0:00:00]} 30. Ra8 {[%emt 0:00:00]} Rc5 {[%emt 0:00:01]} 31. Kd3 {[%emt 0:00:01]} g5 {[%emt 0:00:01]} 32. Kd4 {[%emt 0:00:00]} Re5 {[%emt 0:00:02]} 33. Ne4+ {[%emt 0:00:01]} Kf5 {[%emt 0:00:03]} 34. Ra7 {[%emt 0:00:01]} Rd5+ {[%emt 0:00:03]} 35. Ke3 {[%emt 0:00:01]} Kg6 {[%emt 0:00:01]} 36. g3 {[%emt 0:00:02]} f5 {[%emt 0:00:01]} 37. Nc3 {[%emt 0:00:01]} Re5+ {[%emt 0:00:01]} 38. Kd4 {[%emt 0:00:00]} Re1 {[%emt 0:00:03]} 39. Rxa5 {[%emt 0:00:02]} Rh1 {[%emt 0:00:01]} 40. Ra6 {[%emt 0:00:03]} Kf7 {[%emt 0:00:00]} 41. b4 {[%emt 0:00:01]} Rxh2 {[%emt 0:00:01]} 42. b5 {[%emt 0:00:00]} Rxa2 {[%emt 0:00:01]} 43. Nxa2 {[%emt 0:00:01]} f4 {[%emt 0:00:01]} 44. b6 {[%emt 0:00:00]} fxg3 {[%emt 0:00:00]} 45. b7 {[%emt 0:00:00]} g2 {[%emt 0:00:00]} 46. b8=Q {[%emt 0:00:03]} g1=Q+ {[%emt 0:00:00]} 47. Kc3 {[%emt 0:00:01]} Qe1+ {[%emt 0:00:01]} 48. Kb2 {[%emt 0:00:00]} Qe2+ {[%emt 0:00:01]} 49. Ka1 {[%emt 0:00:01]} Qxa6 {[%emt 0:00:00]} 50. Qb2 {[%emt 0:00:01]} Qf1+ {[%emt 0:00:01]} 51. Qb1 {[%emt 0:00:00]} Qxb1+ {[%emt 0:00:00]} 52. Kxb1 {[%emt 0:00:01]} Kf6 {[%emt 0:00:00]} 53. Kc2 {[%emt 0:00:00]} Kf5 {[%emt 0:00:00]} 54. f4 {[%emt 0:00:00]} Kxf4 {[%emt 0:00:01]} 55. Kd2 {[%emt 0:00:00]} Kg3 {[%emt 0:00:00]} 56. Ke2 {[%emt 0:00:00]} h5 {[%emt 0:00:00]} 57. Kf1 {[%emt 0:00:00]} g4 {[%emt 0:00:00]} 58. Nc3 {[%emt 0:00:00]} h4 {[%emt 0:00:00]} 59. Ne2+ {[%emt 0:00:00]} Kh2 {[%emt 0:00:01]} 60. Nd4 {[%emt 0:00:00]} g3 {[%emt 0:00:00]} 61. Nf5 {[%emt 0:00:00]} g2+ {[%emt 0:00:00]} 62. Kf2 {[%emt 0:00:01]} g1=Q+ {[%emt 0:00:00]} 63. Kf3 {[%emt 0:00:01]} Qg3+ {[%emt 0:00:00]} 64. Ke4 {[%emt 0:00:00]} Qg4+ {[%emt 0:00:01]} 65. Ke5 {[%emt 0:00:00]} Qxf5+ {[%emt 0:00:00]} 66. Kd6 {[%emt 0:00:00]} h3 {[%emt 0:00:00]} 67. Ke7 {[%emt 0:00:00]} e5 {[%emt 0:00:00]} 68. Ke8 {[%emt 0:00:00] (Lag: Av=0.55s, max=1.1s) (Lag: Av=0.55s, max=1.1s) (Lag: Av=0.55s, max=1.1s)} 1/2-1/2

[Event "Stay Safe Play From Home 380"]
[Site "Emanuel Lasker Arena"]
[Date "2020.08.13"]
[Round "1"]
[White "Padmaesh M K"]
[Black "IceQueen"]
[Result "0-1"]
[WhiteElo "1822"]
[BlackElo "2299"]
[Annotator "TA"]
[PlyCount "60"]
[EventDate "2020.08.13"]
[EventType "swiss (blitz)"]

{[%evp 9,60,8,29,34,33,16,33,9,20,-21,-8,-19,25,-24,5,-25,-2,-29,-32,-30,-35,-48,-21,-8,-12,-66,-46,-172,-182,-166,0,-54,-33,-66,-63,-73,-62,-86,-72,-245,-55,-266,-21,-740,-712,-851,-851,-858,-700,-676,-688,-970,-958]} 1. e4 e6 2. Nf3 d5 3. exd5 exd5 4. d4 Nf6 5. Bd3 c5 6. O-O {C01: French: Exchange Variation.} c4 7. Be2 Be7 {[#]} 8. c3 $146 {White is slightly better.} ({Predecessor:} 8. b3 cxb3 9. axb3 O-O 10. Bd3 Bg4 11. h3 Bh5 12. c3 Nc6 13. Re1 a6 14. Ba3 Bxa3 15. Nxa3 {1-0 (49) Nihal,S (2578)-Barseghyan,H (2457) chess.com INT 2019}) 8... O-O 9. Qc2 Nc6 10. Bg5 Bg4 11. Nbd2 (11. Bxf6 $5 Bxf6 {[#]} 12. Ng5 $1 {[%mdl 512]} Bxg5 13. Bxg4 $11) 11... Bh5 12. h3 Bg6 13. Qd1 h6 $36 {[%mdl 2048] White is under pressure.} 14. Bh4 b5 15. Bg3 Re8 16. Ne5 Nxe5 17. Bxe5 (17. dxe5 $11 Nd7 18. Nf3) 17... Nd7 18. f4 (18. Bf4 $15) 18... f6 $19 19. f5 Bf7 $2 {[#]} ({Weaker is} 19... Nxe5 20. fxg6 Nc6 21. Bf3 $14) (19... fxe5 $19 20. fxg6 exd4 21. cxd4 Qb6) 20. Bh2 ({Better is} 20. Bf4 $11) 20... b4 21. Nf3 bxc3 22. bxc3 Qa5 23. Qc2 Nb6 24. g4 $2 (24. a4 $17) 24... Bf8 $2 (24... Na4 $19 25. Rfc1 Ba3) 25. h4 $2 (25. Bd1 $15) 25... Qa4 $2 ({Black should try} 25... Na4 $19 26. Kh1 Nxc3) 26. Qb1 $2 {[%mdl 8192]} (26. Qd2 $11) 26... Rxe2 {Black is clearly winning.} 27. g5 Bh5 28. gxh6 Qc2 29. Qxc2 Rxc2 30. Rac1 Rxc1 {Accuracy: White = 30%, Black = 62%.} 0-1

[Event "Stay Safe Play From Home 380"]
[Site "Emanuel Lasker Arena"]
[Date "2020.08.13"]
[Round "2"]
[White "Broken sword"]
[Black "Lamborghini"]
[Result "1-0"]
[WhiteElo "2494"]
[BlackElo "2283"]
[Annotator "TA"]
[PlyCount "83"]
[EventDate "2020.08.13"]
[EventType "swiss (blitz)"]

{[%evp 19,83,21,68,18,27,34,55,21,25,23,16,16,17,-43,90,82,81,50,60,10,39,27,99,22,156,53,406,62,118,77,127,122,660,83,115,108,126,105,137,108,124,95,332,353,345,338,310,218,29979,29981,29982,29983,29983,5906,2283,1706,29985,29986,29993,29994,29994,29995,29995,29989,29989,29989]} 1. e4 c5 2. Nf3 d6 3. d4 cxd4 4. Nxd4 Nf6 5. Nc3 g6 6. Be3 Bg7 7. f3 O-O 8. Bc4 Nc6 {[%cal Bb8c6,Bc6e5,Be5c4][%mdl 32]} 9. Qd2 Bd7 10. Bb3 Qb8 11. O-O {B77: Sicilian Dragon: Yugoslav Attack, 9 Bc4 sidelines.} Rc8 {[#]} 12. Rfd1 $146 ({Predecessor:} 12. Nd5 Nxd5 13. exd5 Ne5 14. Rae1 a5 15. a3 a4 16. Ba2 Nc4 17. Bxc4 Rxc4 18. c3 Qc7 {1-0 (28) Meftahi,H (2074)-Zaibi,A (2384) Monastir 2017}) 12... Ne5 13. h3 {White is slightly better.} b5 14. Nd5 Nxd5 15. Bxd5 Nc4 16. Qe2 (16. Qc1 $11) 16... Bxd4 (16... Nxb2 $15 {keeps the upper hand.} 17. Rdc1 Nc4 18. Bxa8 Qxa8) 17. Bxd4 $16 Bc6 18. Bxc4 bxc4 19. b3 Bb5 {White must now prevent ...cxb3.} 20. Qe3 Rc6 (20... a5 $11) 21. f4 (21. a4 $16 Ba6 22. Qc3 (22. Qh6 e5 $11)) 21... Qf8 (21... cxb3 $11 {remains equal.} 22. cxb3 e5 23. fxe5 dxe5) 22. b4 (22. a4 $16 Ba6 23. b4) 22... a5 $2 {[%mdl 8192]} ({Black should play} 22... Ra6 $14) 23. a3 $2 (23. a4 $18 Bxa4 24. Rxa4) 23... a4 ({Black should try} 23... axb4 $14 24. axb4 Rca6) 24. c3 Re8 {[#]} 25. e5 $1 dxe5 $2 {[%mdl 8192]} (25... f6 $16) 26. fxe5 $2 (26. Qxe5 $18 {[%csl Gd4][%cal Re5h8]} Rf6 27. Qxb5 {[%mdl 64] Double Attack}) 26... Ba6 27. Rf1 Re6 28. Rf2 Bb7 29. Raf1 f5 30. Qg5 {[%cal Rf2f5] And now Rxf5 would win.} Rd8 $2 (30... h6 $16 31. Qd2 Be4) 31. Rxf5 $1 $18 Qg7 32. R5f4 h6 33. Qg3 {Hoping for Qf2.} Kh7 $2 (33... g5 $18 34. R4f2 Qg6) 34. Rf7 Rg8 35. Rxg7+ Rxg7 36. Rf4 (36. Rf8 $142 Rc6 37. e6 Rd6 38. Bxg7 Rd1+ 39. Kh2 Rh1+ 40. Kxh1 g5 41. Qe5 Bxg2+ 42. Kxg2 Kg6 43. Rh8 h5 44. Rh6#) 36... g5 37. Rf5 Reg6 {[#]} 38. e6 $1 {White mates.} Rg8 (38... Rxe6 39. Bxg7) 39. Rf7+ {[%mdl 64] Double Attack} R8g7 40. Bxg7 Rxg7 41. Rxg7+ Kxg7 42. Qe5+ {Accuracy: White = 33%, Black = 27%.} 1-0

[Event "Stay Safe Play From Home 380"]
[Site "Emanuel Lasker Arena"]
[Date "2020.08.13"]
[Round "2"]
[White "Mepe_Nika"]
[Black "AChessPlayer"]
[Result "1-0"]
[WhiteElo "2302"]
[BlackElo "2496"]
[Annotator "TA"]
[PlyCount "127"]
[EventDate "2020.08.13"]
[EventType "swiss (blitz)"]

{[%evp 9,126,97,105,95,99,43,35,35,47,31,39,-22,49,12,29,17,63,58,78,76,83,87,91,65,91,89,101,58,66,0,63,5,40,32,135,70,86,34,436,30,193,195,170,185,187,204,288,284,339,108,387,366,483,454,473,483,477,462,581,561,542,382,637,627,901,902,1033,916,29970,558,529,446,1189,1176,1278,1101,12798,12791,29983,12842,29981,29983,29983,29984,29984,12847,12847,12846,12847,12847,12847,12847,12847,12847,12848,12849,12849,12850,12850,12850,29993,29994,29994,29995,29995,29995,29995,29994,29995,29995,29995,29995,29996,29997,29997,29998,29998,29999,29999]} 1. d4 f6 2. Bf4 g6 3. Nf3 Nh6 4. Qd2 Nf7 5. e4 Bg7 6. Bc4 {A40: Unusual replies to 1 d4.} e6 {[#]} 7. O-O $146 (7. Nc3 $16) ({Predecessor:} 7. h4 d6 8. Nc3 c6 9. O-O-O b5 10. Bb3 a5 11. a4 Bd7 12. g4 bxa4 13. Nxa4 {1-0 (27) Meggeneder,H (1969)-Reibenbacher,M Leoben 2009}) 7... O-O $14 8. Bb3 {White is slightly better.} d5 9. Nc3 {[%cal Re4d5]} c6 10. Rfe1 (10. h4 $14) 10... Na6 (10... g5 $1 $11 11. Bg3 g4) 11. e5 (11. h3 {feels hotter.} Bd7 12. Na4 b6 13. Re2 b5 14. Nc3) 11... fxe5 12. Nxe5 Nxe5 13. Bxe5 (13. dxe5 $6 Nc5 $11) 13... Bxe5 14. Rxe5 (14. dxe5 $6 Nc5 $11) 14... Qf6 15. Rae1 Nc7 16. f3 Kg7 17. Ne2 Ne8 18. Ng3 Nd6 19. c4 (19. Rh5 Nf7 $11) (19. Nh1 $14) 19... Nf7 (19... dxc4 $11 20. Bc2 Qf4) 20. cxd5 ({Better is} 20. R5e2 $14) 20... exd5 (20... cxd5 $5 {[%cal Rf7e5]} 21. R5e3 Bd7 $11) 21. Re7 h5 (21... Qd6 $14) 22. Bc2 (22. Rc7 $16) 22... h4 $1 23. Nf1 (23. Nh1 $16) 23... Bf5 $2 {[%mdl 8192]} (23... h3 $1 $14) 24. Rxb7 $2 (24. Bxf5 $18 Qxf5 25. R1e5 (25. Rxb7 Rfe8 $18)) 24... Rae8 $2 (24... Bxc2 $11 {and Black is okay.} 25. Qxc2 Qxd4+ 26. Kh1 Rfe8) 25. Rxe8 $18 Rxe8 26. Bxf5 ({Don't do} 26. Rxa7 $6 Bxc2 27. Qxc2 Qxd4+ 28. Qf2 Qxf2+ 29. Kxf2 Kf6 $14) 26... gxf5 27. Rxa7 f4 (27... h3 {is a better defense.} 28. Ng3 (28. gxh3 f4 $16) 28... Kg8) 28. h3 Kg6 {[#]} 29. Rc7 $2 (29. Nh2 $1 $18 {is the precise move to win.}) 29... Ng5 $2 {[%mdl 8192]} (29... Nh6 $16) 30. Qc2+ Kh6 31. Rxc6 Re6 32. Rxe6 Nxe6 33. Qc6 Qxd4+ 34. Kh2 Qe5 35. Qe8 d4 $2 (35... Qd6 36. a4 Kg7) 36. Nd2 d3 37. Ne4 Kg7 38. Qe7+ Kg8 39. Qxh4 (39. Nf6+ $142 Qxf6 40. Qxf6 Nf8 41. Qxf4 Kg7 42. Qxh4 Kf7 43. a4 Nd7 {[#]} 44. Qd4 $1 {[%mdl 512]}) 39... Kf7 40. Qg4 Ng7 (40... Qd5 $142 41. Qh4 Qd4 42. Qh7+ Kf8) 41. Qd7+ Kg6 42. Qxd3 Ne6 43. Nc5+ Kf7 44. Nxe6 (44. Qd7+ $142 Kf6 45. Qxe6+ Qxe6 46. Nxe6 Kf5 47. Nc5 Kf6 48. a4 Kf5 49. a5) 44... Qxe6 45. Qb3 Qxb3 46. axb3 {[%mdl 4096] Endgame KP-KP} Ke6 47. g3 (47. h4 $142 Kd5 48. Kh3 Kc5 49. h5 Kb4 50. Kg4 Kxb3 51. Kxf4 Kxb2 52. g4) 47... Kd6 48. gxf4 Kc5 49. Kg3 Kd4 50. h4 Kd3 51. h5 {f5 would kill now.} Kc2 52. h6 {Intending f5 and mate.} Kb1 53. h7 Ka2 54. h8=Q {Threatening mate with f5.} Kb1 55. Qc3 {White mates.} Ka2 56. b4 Kb1 57. b5 Ka2 58. b4 Kb1 59. Qd2 Ka1 60. b6 Kb1 61. b7 Ka1 62. b8=Q Kb1 63. Qe8 {[%cal Re8e1]} Ka1 64. Qee1# {Accuracy: White = 42%, Black = 30%.} 1-0